Zayed International Airport Destinations (Abu Dhabi, UAE) - Statistics

General Stats
  • This quiz has been taken 163 times
    64 since last reset
  • The average score is 99 of 148
Answer Stats
Airline Destination % Correct
Ethiopian Airlines/Etihad Airways Addis Ababa
95%
Air Arabia/Egyptair/Etihad Airways Cairo
95%
Etihad Airways/IndiGo Delhi
95%
Etihad Airways/Qatar Airways Doha
95%
Air India/Air India Express/Akasa Air/Etihad Airways/IndiGo Mumbai
95%
Etihad Airways/flynas/Saudia Riyadh
95%
Air Arabia/Etihad Airways/Royal Jordanian Amman (Queen Alia)
93%
Air Arabia/Iraqi Airways Baghdad
93%
Aegean Airlines/Etihad Airways Athens
90%
airblue/Etihad Airways/Pakistan International Airlines Islamabad
90%
Air France/Etihad Airways Paris (Charles de Gaulle)
90%
Eurowings Berlin
88%
Etihad Airways/Pakistan International Airlines Karachi
88%
Air Arabia/Etihad Airways/Jazeera Airways/Kuwait Airways Kuwait City
88%
airblue/Etihad Airways/Pakistan International Airlines Lahore
88%
British Airways/Etihad Airways London (Heathrow)
88%
Air Arabia/Etihad Airways/Oman Air/SalamAir Muscat
88%
Etihad Airways New York (JFK)
88%
China Eastern Airlines Shanghai (Pudong)
88%
Etihad Airways Tokyo (Narita)
88%
Air Astana Astana
85%
Etihad Airways Bangkok (Suvarnabhumi)
85%
Air India Express/Akasa Air/Etihad Airways/IndiGo Bengaluru
85%
Etihad Airways Casablanca
85%
Etihad Airways Hong Kong
85%
Etihad Airways/Turkish Airlines Istanbul
85%
Air Arabia/Pegasus Airlines Istanbul (Sabiha Gökçen)
85%
Etihad Airways/flynas/Saudia Jeddah
85%
Air Europa/Etihad Airways Madrid
85%
Etihad Airways Rome (Fiumicino)
85%
Etihad Airways Algiers
83%
Air Arabia/Etihad Airways Baku
83%
Etihad Airways Barcelona
83%
Air Arabia/Etihad Airways/IndiGo Chennai
83%
Air Arabia/Biman Bangladesh Airlines/US-Bangla Airlines Dhaka
83%
Etihad Airways Milan (Malpensa)
83%
Air Arabia Moscow (Domodedovo)
83%
Aeroflot/Etihad Airways Moscow (Sheremetyevo)
83%
Pobeda Moscow (Vnukovo)
83%
Etihad Airways Zürich
83%
Etihad Airways Beijing (Daxing)
80%
SunExpress İzmir
80%
Etihad Airways/flynas/Saudia Medina
80%
Etihad Airways Munich
80%
Etihad Airways Seoul (Incheon)
80%
Etihad Airways Sydney
80%
Etihad Airways/Wizz Air Vienna
80%
Air Arabia/Akasa Air/Etihad Airways/IndiGo Ahmedabad
78%
Air Arabia/Air Astana/Etihad Airways Almaty
78%
Air Arabia/Etihad Airways/Gulf Air Bahrain
78%
Air Arabia/Etihad Airways/Middle East Airlines Beirut
78%
Wizz Air Budapest
78%
Fly Cham/Syrian Air Damascus
78%
Etihad Airways Frankfurt
78%
Air Arabia/Himalaya Airlines Kathmandu
78%
Air Arabia/Etihad Airways Kolkata
78%
Etihad Airways Tel Aviv
78%
Air Arabia Alexandria
75%
Etihad Airways Amsterdam
75%
Air Arabia/Etihad Airways/SriLankan Airlines Colombo (Bandaranaike)
75%
Etihad Airways Copenhagen
75%
Etihad Airways Dammam
75%
Etihad Airways Hanoi
75%
Etihad Airways/IndiGo Hyderabad
75%
Etihad Airways Jakarta (Soekarno-Hatta)
75%
Etihad Airways Nairobi (Jomo Kenyatta)
75%
Etihad Airways Osaka (Kansai)
75%
Etihad Airways/Smartwings Prague
75%
Etihad Airways Singapore
75%
Etihad Airways Toronto (Pearson)
75%
Etihad Airways Tunis
75%
Etihad Airways Warsaw (Chopin)
75%
Turkmenistan Airlines Ashgabat
73%
Etihad Airways Boston
73%
Etihad Airways Brussels
73%
Etihad Airways Bucharest (Otopeni)
73%
Etihad Airways Chicago (O'Hare)
73%
Kam Air Kabul
73%
Etihad Airways Kuala Lumpur (International)
73%
Etihad Airways Lisbon
73%
Etihad Airways Malé
73%
Etihad Airways Melbourne
73%
Etihad Airways Nice
73%
Etihad Airways Phuket
73%
Etihad Airways Saint Petersburg
73%
Air Arabia/Air Samarkand/Etihad Airways Tashkent
73%
Air Arabia/Etihad Airways Tbilisi
73%
Etihad Airways Washington (Dulles)
73%
Etihad Airways/SunExpress Antalya
70%
Etihad Airways Johannesburg (O.R. Tambo)
70%
Luxair Luxembourg
70%
Etihad Airways Manchester
70%
Etihad Airways Taipei (Taoyuan)
70%
Air Arabia/Etihad Airways Yerevan
70%
Etihad Airways Denpasar
68%
Etihad Airways Dublin
68%
Etihad Airways Geneva
68%
Etihad Airways Manila
68%
Etihad Airways Düsseldorf
65%
Etihad Airways/Wizz Air Kraków
65%
Air Arabia Tehran (Imam Khomeini)
65%
Etihad Airways Jaipur
63%
Belavia Minsk
63%
Air Arabia/Biman Bangladesh Airlines/US-Bangla Airlines Chittagong
60%
Air Arabia/Air India Express/Etihad Airways/IndiGo Kochi
60%
Etihad Airways Atlanta
58%
Air Seychelles/Etihad Airways Mahé
58%
Air Arabia Lar
55%
Etihad Airways/Pakistan International Airlines Peshawar
55%
Air Arabia/Etihad Airways/SalamAir Salalah
55%
Air India Express Goa (Mopa)
53%
Etihad Airways Phnom Penh (Techo)
53%
Smartwings Cologne/Bonn
50%
Etihad Airways Sochi
50%
Biman Bangladesh Airlines Sylhet
50%
Etihad Airways Kazan
48%
IndiGo Lucknow
48%
Etihad Airways Mykonos
48%
Air Arabia/Air India Express/Etihad Airways Thiruvananthapuram
48%
Etihad Airways Málaga
45%
Air Arabia/Pakistan International Airlines Sialkot
45%
IndiGo Chandigarh
43%
Hainan Airlines Haikou
43%
Air Arabia/Air India Express/Etihad Airways/IndiGo Kozhikode
43%
Etihad Airways Charlotte
40%
Etihad Airways Krabi
40%
Etihad Airways Santorini
40%
Air Arabia Yekaterinburg
40%
Etihad Airways Chiang Mai
38%
Air Arabia Faisalabad
38%
IndiGo Madurai
38%
IndiGo Coimbatore
35%
Etihad Airways Medan
35%
Air Arabia Multan
35%
Air Arabia Giza
33%
Syrian Air Latakia
33%
Smartwings Nuremberg
28%
IndiGo Visakhapatnam
28%
Badr Airlines Port Sudan
25%
Air India Express Tiruchirappalli
25%
IndiGo Bhubaneswar
23%
Air India Express/IndiGo Kannur
23%
Smartwings Leipzig/Halle
23%
Air Arabia Trabzon
20%
Etihad Airways Gassim
18%
Air India Express/IndiGo Mangaluru
18%
Pobeda Makhachkala
15%
Etihad Airways El Alamein
13%
No matching quizzes found
Score Distribution
Percent of People with Each Score
Percentile by Number Answered
Your Score History
You have not taken this quiz since the last reset